Synonyms for Fight - Statistics

General Stats
  • This quiz has been taken 591 times
  • The average score is 3 of 15
Answer Stats
Hint Answer % Correct
B, 5 (think baby's moving) brawl
63%
R, 3 (chiefly British) row
39%
R, 6 (raise a __) ruckus
38%
C, 5 (a band) clash
34%
A, 11 (think edit) altercation
25%
T, 6 (first used late 15c) tussle
23%
T, 4 (informal) tiff
20%
M, 5 (think a month) melee
17%
A, 8 (think four types) argument
15%
R,7 (a vegetable) rhubarb
14%
D, 10 (think babbling) donnybrook
8%
S, 6 (think paintball) skirmish
7%
W, 7 (think horses) wrangle
7%
B, 8 (think ferment) brouhaha
6%
I, 9 (from Italian) imbroglio
6%
No matching quizzes found
Score Distribution
Percent of People with Each Score
Percentile by Number Answered
Your Score History
You have not taken this quiz